Normal view MARC view

Entry Personal Name

Number of records used in: 1

001 - CONTROL NUMBER

  • control field: 545655

003 - CONTROL NUMBER IDENTIFIER

  • control field: OSt

005 - DATE AND TIME OF LATEST TRANSACTION

  • control field: 20220930091431.0

008 - FIXED-LENGTH DATA ELEMENTS

  • fixed length control field: 220930|| aca||aabn | a|a d

040 ## - CATALOGING SOURCE

  • Original cataloging agency: OSt
  • Transcribing agency: OSt

100 ## - HEADING--PERSONAL NAME

  • Personal name: Dr. Surinder Singh Gu

670 ## - SOURCE DATA FOUND

  • Source citation: Work cat.: (OSt)882078: Vipan Kumar Au. 545654, To study the incidence and risk factors for venous thronboembolism in surgical intensive care unit patients undergoing major surgeries in tertiary care institutes of army, 2012
Copyright @ Delhi University Library System